000 00562nam a22001817a 4500
005 20240523083453.0
008 240523b |||||||| |||| 00| 0 eng d
040 _aKMU
_cKMU
_dKMU
050 _aQC 981.8.C5 Wig
100 _aWiggins, Mike
245 _aClimate change and environmental degradation risk and adaption assessment /
_cBy Mike Wiggins
250 _a2nd edition
260 _aUK :
_bTearfund ,
_c2012.
300 _a88 pages ;
_billus (some col.) :
_c30 cm.
500 _aIncludes a CD.
650 _aClimate change
942 _2lcc
_cBK
_e2nd edition
_n0
999 _c1260
_d1260